000 00864nam a2200229Ia 4500
008 130821s2002 ck ao gr spa
020 _a9587012410
040 _aCo-BoUCM
_bspa
_cJavier Garzón
_dHenry Ríos (modificó)
041 0 0 _aspa
060 0 0 _aQK 580.7
100 1 _aChaparro de Valencia, Martha
_934596
245 1 0 _aHongos liquenizados
_cMartha Chaparro de Valencia y Jaime Aguirre Ceballos
260 _aBogotá (Colombia)
_bUniversidad Nacional de Colombia
_c2002
300 _a220 páginas
_bilustraciones, graficas, fotografías
490 0 _aColección Textos
_v8
_934597
504 _aIncluye referencias bibliográficas
650 4 _aLíquenes
_918578
650 7 _aLíquenes
_xMorfología
_934599
690 _aCiencias naturales
_910813
700 1 _aAguirre Ceballos, Jaime
_934600
942 _cLIBRO
_a25
_e1
_mC462h
_2NLM
_hQK 580.7
_n0
999 _c78033
_d78033